| 000 | 00503nam a2200181 a 4500 | ||
|---|---|---|---|
| 005 | 20230929063737.0 | ||
| 008 | 991125s1970 mx 000 0 spa u | ||
| 035 | _aUPN01000001511 | ||
| 049 | _aUNE | ||
| 050 | 4 |
_aLC5219 E4 _bA5.4 |
|
| 245 | 1 | 3 |
_aLa alfabetización funcional : _bcómo y por qué. |
| 260 |
_aParís : _bUNESCO, _c1970. |
||
| 300 | _a39 p. | ||
| 440 | 3 | _aLa UNESCO y su programa | |
| 650 | 4 |
_aAlfabetización (Educación) _91831 |
|
| 650 | 4 |
_aEDUCACION FUNCIONAL _917843 |
|
| 905 | _aLibro | ||
| 999 |
_c1511 _d1511 |
||